Statistiques concernant Les plus gros transferts (départs) de la Liga Portugal

Cliquez ici pour prendre le quiz!

Statistiques générales

  • Ce quiz a été pris 188 fois
  • Le résultat moyen est 19 sur 30

Statistiques - réponses

Club précédentClub d'arrivéeNationalitéMontantNom% Correct
BenficaAtlético MadridPortugal127 MJoao Felix
99%
BenficaChelseaArgentine121 MEnzo Fernandez
93%
BenficaLiverpoolUruguay80 MDarwin Nunez
92%
BenficaManchester CityPortugal71 MRuben Dias
91%
Sporting CPParis Saint GermainUruguay60 MManuel Ugarte
85%
FC PortoLiverpool FCColombie47 MLuis Diaz
83%
Sporting CPManchester UnitedPortugal65 MBruno Fernandes
82%
BenficaParis Saint GermainPortugal65 MGoncalo Ramos
81%
FC PortoAl-NassrPortugal60 MOtavio
75%
FC PortoAS MonacoColombie45 MJames Rodriguez
74%
FC PortoParis Saint GermainPortugal41,5 MVitinha
74%
FC PortoReal MadridBrésil50 MEder Militao
69%
Sporting CPParis Saint GermainPortugal38 MNuno Mendes
68%
FC PortoAtletico MadridColombie40 MRadamel Falcao
65%
BenficaBayern MunichPortugal35 MRenato Sanches
63%
FC PortoZénitBrésil40 MHulk
62%
Sporting CPWolverhamptonPortugal45 MMatheus Nunes
59%
BenficaManchester CityBrésil40 MEderson
56%
FC PortoManchester CItyFrance45 MEliaquim Mangala
56%
BenficaManchester UnitedSuède35 MVictor Lindelof
56%
Sporting CPTottanhamEspagne40 MPedro Porro
54%
BenficaWolverhamptonMexique38 MRaul Jimenez
53%
BenficaZénitBelgique40 MAxel Witsel
50%
FC PortoWolverhamptonPortugal40 MFabio Silva
48%
FC PortoArsenalPortugal35 MFabio Vieira
47%
FC PortoAC MilanPortugal38 MAndré Silva
45%
BenficaInterPortugal44,5 MJoao Mario
42%
FC PortoAtlético MadridColombie35 MJackson Martinez
38%
BenficaFC BarcelonePortugal35,5 MNelson Semedo
38%
Portimonense SCAl Duhail SCJapon35 MShoya Nakajima
23%

Distribution des résultats

Percentile par nombre de réponses

% des personnes avec chaque résultat

Votre développement - résultats

Vous n’avez pas pris ce quiz